Odpovědné veřejné zadávání
Súčasný podporný trend verejného obstarávania, ale nie priamo zameraný. Zameranie sa na skupinu ľudí, produktov alebo služieb. Zohľadňujú sa aspekty, ktoré sa považujú za vhodné, pričom sa nejedná o konkrétnych dodávateľov alebo regióny. Napríklad sa jedná o ľudí, ktorí by mohli byť zamestnaní na tr...
Gespeichert in:
| 1. Verfasser: | |
|---|---|
| Format: | Buchkapitel |
| Sprache: | Englisch |
| Schlagworte: | |
| Tags: |
Keine Tags, Fügen Sie das erste Tag hinzu!
|
MARC
| LEADER | 00000naa a2200000 4500 | ||
|---|---|---|---|
| 001 | 0258989 | ||
| 005 | 20191016110310.3 | ||
| 041 | 0 | |a eng | |
| 044 | |a SK | ||
| 245 | 1 | 0 | |a Odpovědné veřejné zadávání |c Kateřina Burešová |
| 520 | |a Súčasný podporný trend verejného obstarávania, ale nie priamo zameraný. Zameranie sa na skupinu ľudí, produktov alebo služieb. Zohľadňujú sa aspekty, ktoré sa považujú za vhodné, pričom sa nejedná o konkrétnych dodávateľov alebo regióny. Napríklad sa jedná o ľudí, ktorí by mohli byť zamestnaní na trhu práce atď. V prípade výrobkov a služieb zohráva úlohu kvalita, spôsob výroby, použité materiály, životný cyklus atď. Zelené verejné obstarávanie, sociálne zodpovedné verejné obstarávanie, verejné obstarávanie zodpovedné k životnému prostrediu a podobne. | ||
| 610 | 2 | 0 | |a obstarávanie verejné |
| 610 | 2 | 0 | |a služby |
| 610 | 2 | 0 | |a produkty |
| 610 | 2 | 0 | |a skupiny sociálne |
| 610 | 2 | 0 | |a kvalita |
| 610 | 2 | 0 | |a zodpovednosť |
| 610 | 2 | 0 | |a zodpovednosť právna |
| 610 | 2 | 0 | |a zodpovednosť spoločenská |
| 610 | 2 | 0 | |a prostredie životné |
| 100 | 1 | |a Burešová, Kateřina | |